000 00321nam a2200145Ia 4500
008 230718s9999 xx 000 0 und d
041 _aEng.
082 _a362.1
_bKIN-M
100 _aKing Musice
245 0 _aMedical Case
260 _aPakistan
_bAxford uninsty
_c1994
300 _a380
650 _aLaw
999 _c26480
_d26480